Top 20 Countries in the World-Risk-Index - Statistics

General Stats
  • This quiz has been taken 22 times
  • The average score is 9 of 20
Answer Stats
Rank Risk-Index Country % Correct
8 21,39 Philippines
75%
3 30,51 Tonga
60%
13 16,23 Bangladesh
55%
2 31,36 Solomon Islands
55%
1 47,73 Vanuatu
55%
15 15,80 Cambodia
50%
14 16,06 Fiji
50%
19 15,14 Kiribati
50%
9 20,90 Papua New Guinea
50%
4 27,42 Dominica
45%
16 15,75 East-Timor
45%
6 22,77 Brunei
35%
20 14,91 Comoros
35%
18 15,32 El Salvador
35%
10 20,23 Guatemala
35%
7 21,83 Guyana
35%
5 27,28 Antigua and Barbuda
25%
12 17,06 Costa Rica
25%
11 17,72 Cape Verde
20%
17 15,48 Djibouti
15%
No matching quizzes found
Score Distribution
Percent of People with Each Score
Percentile by Number Answered
Your Score History
You have not taken this quiz